000 00772nam a2200229 i 4500
001 142615
003 ES-MaACL
005 20251011063138.0
007 t|
008 071009s1974 sp |||| | spa d
080 _a343.915
100 1 _aViader, Antonio,
_d1935-
_9162134
245 1 0 _aCriminalidad juvenil
_b: (infractores infanto-juveniles) /
_cAntonio Viader Vives ; supervisión, Juan Llop Sellares.
260 _aMadrid :
_bMaisal,
_c[1974]
300 _a109 p. ;
_c18 cm.
490 1 _aColección Maisal de divulgación jurídica
650 0 4 _aDelincuencia juvenil.
_9135872
700 1 _aLlop Sellares, Juan.
_972819
830 0 _aColección Maisal de divulgación jurídica
_9187599
852 _aES-MaACL
_jE-8513
999 _c142615
_d142615